[Event "4NCL Online Division 4"]
[Site "online"]
[Date "2021.04.20"]
[EventDate "2021.04.20"]
[Round "7.54"]
[White "Chwieseni, Edward I"]
[WhiteElo "1656"]
[WhiteTeam "War & Piece 1"]
[Black "Cox, Paul"]
[BlackElo "1590"]
[BlackTeam "Cheshire Cats"]
[Result "0-1"]
[PlyCount "58"]

1. e4 e5 2. Nf3 Nc6 3. Bc4 Bc5 4. d4 exd4 5. O-O d6 6. Ng5 Ne5 7. Bd5 Nf6 8. Bb3 O-O 9. Kh1 h6 10. f4 Ned7 11. Nxf7 Rxf7 12. Bxf7+ Kxf7 13. e5 dxe5 14. fxe5 Nxe5 15. Qh5+ Ke6 16. Qh4 Ng6 17. Qe1+ Kf7 18. Nd2 Kg8 19. Ne4 Nxe4 20. Qxe4 Ne7 21. Bd2 Qd5 22. Qxd5+ Nxd5 23. Rae1 Bd7 24. Re5 Bc6 25. Rfe1 Rf8 26. h4 Bd6 27. R5e2 Nf4 28. Rf2 Nxg2 29. Rxg2 Rf2 0-1

[Event "4NCL Online Division 4"]
[Site "online"]
[Date "2021.04.20"]
[EventDate "2021.04.20"]
[Round "7.61"]
[White "Modhura, Urbi"]
[WhiteElo "1695"]
[WhiteTeam "Temple Sutton"]
[Black "Miller, Kai"]
[BlackElo "1416"]
[BlackTeam "Warwickshire Bears C"]
[Result "1-0"]
[PlyCount "41"]

1. e4 e5 2. Nf3 Nc6 3. Bc4 Bc5 4. c3 Nf6 5. d4 exd4 6. cxd4 Bb4+ 7. Bd2 Qe7 8. O-O O-O 9. e5 Ne4 10. Bxb4 Qxb4 11. Qc2 Kh8 12. a3 Qa5 13. Qxe4 Nb4 14. Ng5 g6 15. Qh4 h5 16. Nxf7+ Kg7 17. Qf6+ Kh7 18. Ng5+ Kh6 19. Qxf8+ Kxg5 20. h4+ Kxh4 21. Qf4# 1-0

[Event "4NCL Online Division 4"]
[Site "online"]
[Date "2021.04.20"]
[EventDate "2021.04.20"]
[Round "7.62"]
[White "Nasibova, Margarita"]
[WhiteElo "1330"]
[WhiteTeam "Warwickshire Bears C"]
[Black "Marshall, John R"]
[BlackElo "1682"]
[BlackTeam "Temple Sutton"]
[Result "0-1"]
[PlyCount "42"]

1. c4 g6 2. Nc3 Bg7 3. g3 d6 4. Bg2 Nc6 5. e4 Nf6 6. d3 Bg4 7. Nge2 h5 8. h3 Bd7 9. O-O Qc8 10. Kh2 h4 11. Bg5 hxg3+ 12. fxg3 Bxh3 13. Rh1 Bxg2+ 14. Kxg2 Rxh1 15. Qxh1 Qg4 16. Bxf6 Bxf6 17. Re1 O-O-O 18. a3 Rh8 19. Qg1 Ne5 20. Qxa7 Qf3+ 21. Kg1 Rh1# 0-1

[Event "4NCL Online Division 4"]
[Site "online"]
[Date "2021.04.20"]
[EventDate "2021.04.20"]
[Round "7.63"]
[White "Perks, Gary M"]
[WhiteElo "1577"]
[WhiteTeam "Temple Sutton"]
[Black "Vaidyanathan, Sathya"]
[BlackElo "1219"]
[BlackTeam "Warwickshire Bears C"]
[Result "1/2-1/2"]
[PlyCount "34"]

1. e4 e5 2. Nf3 Nc6 3. Bc4 Bc5 4. d3 h6 5. Nc3 Nf6 6. h3 d6 7. O-O O-O 8. Bd2 Na5 9. Bb3 Nxb3 10. axb3 a6 11. Qc1 Be6 12. Ne2 Qd7 13. Bxh6 gxh6 14. Qxh6 Nh7 15. Ng3 f6 16. Nh5 Qf7 17. Nh4 Bd7 1/2-1/2

[Event "4NCL Online Division 4"]
[Site "online"]
[Date "2021.04.20"]
[EventDate "2021.04.20"]
[Round "7.64"]
[White "Xia, Weiquan"]
[WhiteElo "1223"]
[WhiteTeam "Warwickshire Bears C"]
[Black "Audhora, Purba"]
[BlackElo "1560"]
[BlackTeam "Temple Sutton"]
[Result "0-1"]
[PlyCount "78"]

1. d4 e6 2. Bf4 c5 3. Nf3 d5 4. e3 Nf6 5. c3 Be7 6. Bb5+ Bd7 7. Bxd7+ Nbxd7 8. Nbd2 O-O 9. O-O Rc8 10. Re1 Re8 11. e4 dxe4 12. Nxe4 Nxe4 13. Rxe4 Nf6 14. Re1 cxd4 15. Qxd4 Bc5 16. Qxd8 Rexd8 17. Bg5 Be7 18. Rad1 h6 19. Be3 b6 20. h3 Nd5 21. Bd4 b5 22. a3 a6 23. Ne5 f6 24. Nf3 e5 25. Be3 Kf7 26. Kh2 a5 27. Rd3 e4 28. Rxd5 Rxd5 29. Nd4 b4 30. axb4 axb4 31. Bd2 f5 32. Nb3 Rd3 33. Bf4 bxc3 34. bxc3 Rcxc3 35. Nc1 Rd5 36. Ne2 Rc2 37. Be3 Bb4 38. Rb1 Bd6+ 39. Nf4 g5 0-1

[Event "4NCL Online Division 4"]
[Site "online"]
[Date "2021.04.20"]
[EventDate "2021.04.20"]
[Round "7.71"]
[White "Littlefair, Paul"]
[WhiteElo "1675"]
[WhiteTeam "Watford 3"]
[Black "McLean, Ian"]
[BlackElo "2013"]
[BlackTeam "Spirit of Atticus B"]
[Result "0-1"]
[PlyCount "62"]

1. e4 e6 2. d3 d5 3. Nd2 c5 4. Ngf3 Nc6 5. g3 Bd6 6. Bg2 Nge7 7. c3 d4 8. O-O O-O 9. Re1 Qc7 10. Nc4 e5 11. Nxd6 Qxd6 12. Qb3 Be6 13. Qd1 f6 14. Nh4 g5 15. Nf3 Ng6 16. h4 gxh4 17. Nxh4 Nxh4 18. gxh4 Kh8 19. Kh1 Rg8 20. Rg1 Rg4 21. Bh3 Rxh4 22. Rg3 Bxh3 23. Kg1 Rg8 24. Qf3 Qe6 25. Bd2 Rhg4 26. Kh2 Rxg3 27. fxg3 Bg4 28. Qf2 f5 29. a3 f4 30. Rg1 Qh6+ 31. Kg2 Qh3# 0-1

[Event "4NCL Online Division 4"]
[Site "online"]
[Date "2021.04.20"]
[EventDate "2021.04.20"]
[Round "7.72"]
[White "Bimpson, Tom"]
[WhiteElo "1971"]
[WhiteTeam "Spirit of Atticus B"]
[Black "Shaw, David K"]
[BlackElo "1641"]
[BlackTeam "Watford 3"]
[Result "1-0"]
[PlyCount "91"]

1. d4 e6 2. Nf3 f5 3. Bf4 Nf6 4. e3 b6 5. Nbd2 Bb7 6. Bd3 Bd6 7. Bg5 Be7 8. Qe2 Ne4 9. Bxe7 Qxe7 10. O-O-O d6 11. Ne1 Qh4 12. Bxe4 fxe4 13. f3 O-O 14. Qc4 Qe7 15. fxe4 d5 16. Qd3 Ba6 17. Qb3 c6 18. Nef3 Nd7 19. Qa3 Qxa3 20. bxa3 dxe4 21. Ng5 Nf6 22. Nxe6 Rf7 23. Nf4 Ng4 24. Rde1 Re8 25. h4 Nxe3 26. Rxe3 Rxf4 27. g3 Rg4 28. Rhe1 c5 29. Nxe4 Rg6 30. Nf6+ Rxf6 31. Rxe8+ Rf8 32. dxc5 bxc5 33. R1e7 Rxe8 34. Rxe8+ Kf7 35. Ra8 Bc4 36. Rxa7+ Kg6 37. Rc7 Bxa2 38. Rxc5 Be6 39. Rc6 Kf7 40. Rxe6 Kxe6 41. Kd2 Kd5 42. Kd3 h6 43. c4+ Kc5 44. Kc3 g5 45. hxg5 hxg5 46. g4 1-0

[Event "4NCL Online Division 4"]
[Site "online"]
[Date "2021.04.20"]
[EventDate "2021.04.20"]
[Round "7.73"]
[White "Vig, Sanjay"]
[WhiteElo "1638"]
[WhiteTeam "Watford 3"]
[Black "Buckley, Colm"]
[BlackElo "1931"]
[BlackTeam "Spirit of Atticus B"]
[Result "1-0"]
[PlyCount "77"]

1. e4 e6 2. d4 d5 3. e5 c5 4. c3 Nc6 5. Nf3 Bd7 6. Bd3 Rc8 7. Nbd2 cxd4 8. cxd4 Qb6 9. O-O Nxd4 10. Nxd4 Qxd4 11. Nf3 Qa4 12. b3 Qa5 13. a3 Ne7 14. b4 Qa4 15. Qxa4 Bxa4 16. Bb2 a6 17. Rac1 Nc6 18. Bd4 Kd7 19. Bc5 Bxc5 20. bxc5 Na5 21. Nd4 Rc7 22. Rc3 Rhc8 23. Rfc1 h6 24. f4 f5 25. Nxf5 exf5 26. Bxf5+ Ke7 27. Bxc8 Rxc8 28. Rg3 Nb3 29. Rb1 Nxc5 30. Rxg7+ Ke6 31. g4 Rh8 32. Rg6+ Kf7 33. f5 Bc6 34. e6+ Ke7 35. h4 d4 36. Re1 d3 37. f6+ Kd6 38. f7 Ke7 39. Rg8 1-0

[Event "4NCL Online Division 4"]
[Site "online"]
[Date "2021.04.20"]
[EventDate "2021.04.20"]
[Round "7.74"]
[White "White, Colin"]
[WhiteElo "1628"]
[WhiteTeam "Spirit of Atticus B"]
[Black "Hylands, Keith"]
[BlackElo "1423"]
[BlackTeam "Watford 3"]
[Result "1-0"]
[PlyCount "61"]

1. d4 Nf6 2. Bf4 g6 3. Nf3 Bg7 4. e3 d6 5. Nbd2 O-O 6. c3 Nh5 7. Bg3 Nxg3 8. hxg3 c6 9. Bd3 Re8 10. Qc2 Nd7 11. Ng5 Nf6 12. Ndf3 e5 13. dxe5 dxe5 14. Bc4 Be6 15. Bxe6 fxe6 16. Nxe5 Re7 17. Rd1 Qe8 18. Ke2 Bh8 19. Rh3 Nd5 20. Ng4 Nf6 21. Nh6+ Kg7 22. Rdh1 Rd8 23. Ng4 Kg8 24. Nxf6+ Bxf6 25. Nxh7 Qf7 26. Nxf6+ Qxf6 27. Rh6 Rg7 28. R1h4 Rd5 29. Rh8+ Kf7 30. Rb8 Rd7 31. Rf4 1-0

[Event "4NCL Online Division 4"]
[Site "online"]
[Date "2021.04.20"]
[EventDate "2021.04.20"]
[Round "7.81"]
[White "Gajdosz, Marek"]
[WhiteElo "1932"]
[WhiteTeam "Darnall & Handsworth"]
[Black "Foister, Steven A M"]
[BlackElo "2099"]
[BlackTeam "Maidenhead 1"]
[Result "0-1"]
[PlyCount "54"]

1. d4 d5 2. Nf3 Nf6 3. c4 e6 4. Nc3 Be7 5. Bf4 c6 6. e3 O-O 7. Rc1 Nbd7 8. Qc2 Re8 9. h3 Nf8 10. c5 Ng6 11. Bh2 Nd7 12. Bd3 Bf6 13. Bxg6 hxg6 14. Ne5 Bxe5 15. Bxe5 Nxe5 16. dxe5 Qa5 17. Qb3 Qxc5 18. O-O Qe7 19. Na4 Qh4 20. Rfd1 Qh5 21. Qc3 Rf8 22. f4 g5 23. Kh2 g4 24. Rg1 f6 25. Rc2 fxe5 26. fxe5 Rf5 27. e4 Rf3 0-1

[Event "4NCL Online Division 4"]
[Site "online"]
[Date "2021.04.20"]
[EventDate "2021.04.20"]
[Round "7.82"]
[White "Milnes, Anthony C P"]
[WhiteElo "1933"]
[WhiteTeam "Maidenhead 1"]
[Black "Brown, Geoffrey D"]
[BlackElo "1743"]
[BlackTeam "Darnall & Handsworth"]
[Result "1/2-1/2"]
[PlyCount "73"]

1. f4 e5 2. e4 d5 3. exd5 exf4 4. Nf3 Nf6 5. Bc4 Nxd5 6. Bxd5 Qxd5 7. O-O Nc6 8. Nc3 Qd8 9. d4 Bg4 10. d5 Bc5+ 11. Kh1 Ne7 12. Bxf4 O-O 13. Qd2 Ng6 14. Ne5 Nxe5 15. Bxe5 Bd6 16. Bxd6 Qxd6 17. Nb5 Qd7 18. c4 a6 19. Nc3 Rae8 20. Qf4 Bh5 21. Rae1 Rxe1 22. Rxe1 Bg6 23. Qe5 f6 24. Qe6+ Qxe6 25. dxe6 Re8 26. Nd5 c6 27. Nf4 Kf8 28. g4 b6 29. h4 Re7 30. Rd1 Be4+ 31. Kh2 g5 32. hxg5 fxg5 33. Rd8+ Re8 34. Rxe8+ Kxe8 35. Nh3 h6 36. Nf2 Bc2 37. Kg3 1/2-1/2

[Event "4NCL Online Division 4"]
[Site "online"]
[Date "2021.04.20"]
[EventDate "2021.04.20"]
[Round "7.83"]
[White "Brennan, Oliver"]
[WhiteElo "1687"]
[WhiteTeam "Darnall & Handsworth"]
[Black "Smith, Nigel D"]
[BlackElo "1884"]
[BlackTeam "Maidenhead 1"]
[Result "1/2-1/2"]
[PlyCount "43"]

1. e4 d6 2. d4 Nf6 3. f3 e5 4. dxe5 dxe5 5. Qxd8+ Kxd8 6. Bc4 Be6 7. Bxe6 fxe6 8. Be3 Bd6 9. Nh3 Nc6 10. O-O Ke7 11. a4 h6 12. Na3 a6 13. c3 a5 14. Nc4 Nd7 15. Rad1 b6 16. Nf2 Bc5 17. Bxc5+ Nxc5 18. Ng4 Nd7 19. Rd2 h5 20. Nf2 Nc5 21. Nd3 Nxd3 22. Rxd3 1/2-1/2

[Event "4NCL Online Division 4"]
[Site "online"]
[Date "2021.04.20"]
[EventDate "2021.04.20"]
[Round "7.84"]
[White "Iyengar, Srihari R"]
[WhiteElo "1873"]
[WhiteTeam "Maidenhead 1"]
[Black "Chatterton, Craig"]
[BlackElo "1630"]
[BlackTeam "Darnall & Handsworth"]
[Result "1-0"]
[PlyCount "71"]

1. Nf3 Nf6 2. d4 d5 3. Bg5 e6 4. Nbd2 c5 5. e3 Nc6 6. c3 Be7 7. Bd3 O-O 8. Rc1 h6 9. Bh4 cxd4 10. exd4 Ne8 11. Bg3 Nf6 12. h3 Bd6 13. Ne5 Qc7 14. f4 b6 15. O-O Ne7 16. Bh4 Ne8 17. Qf3 Bxe5 18. fxe5 Nf5 19. Bxf5 exf5 20. Qxd5 Bb7 21. Qc4 Qd7 22. Qd3 g6 23. Rce1 Ng7 24. c4 Rac8 25. d5 b5 26. b3 bxc4 27. bxc4 Ne6 28. Qe3 Ng5 29. Bxg5 hxg5 30. Qxg5 Ba6 31. e6 Qd6 32. exf7+ Rxf7 33. Re6 Qc5+ 34. Kh1 Bxc4 35. Rxg6+ Kf8 36. Rg8# 1-0

[Event "4NCL Online Division 4"]
[Site "online"]
[Date "2021.04.20"]
[EventDate "2021.04.20"]
[Round "7.91"]
[White "Beckett, Chris J"]
[WhiteElo "2246"]
[WhiteTeam "Woking Warriors"]
[Black "Whatmore, Steve"]
[BlackElo "1810"]
[BlackTeam "Rugeley Rangers"]
[Result "1-0"]
[PlyCount "97"]

1. e4 c6 2. d3 d5 3. Nd2 dxe4 4. dxe4 g6 5. Ngf3 Bg7 6. Bc4 Nf6 7. O-O O-O 8. a4 Qc7 9. c3 Rd8 10. Qb3 e6 11. Re1 a5 12. Bf1 Nbd7 13. Qc2 e5 14. Nc4 b5 15. Ne3 bxa4 16. Nc4 Ba6 17. Qxa4 Bb5 18. Qc2 Ne8 19. Bg5 Bf6 20. Be3 Bxc4 21. Bxc4 Nd6 22. Ba2 Nb6 23. Rad1 a4 24. Qe2 c5 25. Bd5 Nxd5 26. Rxd5 Nb7 27. Red1 Rxd5 28. Rxd5 a3 29. bxa3 Rxa3 30. Qb2 Ra6 31. h3 Rb6 32. Qa3 Kg7 33. Bxc5 Nxc5 34. Rxc5 Qd6 35. Qa5 Ra6 36. Rd5 Qc6 37. Qc5 Qb7 38. Nxe5 Qb1+ 39. Kh2 Qxe4 40. Qd4 Qe2 41. Qe3 Qc2 42. Rd7 Re6 43. f4 Bxe5 44. fxe5 Qf5 45. Rd5 Rc6 46. Qd4 Qe6 47. Rd6 Rxd6 48. exd6+ f6 49. d7 1-0

[Event "4NCL Online Division 4"]
[Site "online"]
[Date "2021.04.20"]
[EventDate "2021.04.20"]
[Round "7.92"]
[White "Carr, Matthew"]
[WhiteElo "1688"]
[WhiteTeam "Rugeley Rangers"]
[Black "Seet, Joshua"]
[BlackElo "1246"]
[BlackTeam "Woking Warriors"]
[Result "1-0"]
[PlyCount "59"]

1. e4 c6 2. Nc3 d5 3. Nf3 dxe4 4. Nxe4 Nf6 5. Qe2 e6 6. d4 Be7 7. c3 Nbd7 8. Bf4 Nxe4 9. Qxe4 Nf6 10. Qc2 Bd7 11. Bd3 Nd5 12. Bg3 h6 13. O-O Bf6 14. Ne5 h5 15. h3 h4 16. Bh2 Qe7 17. a3 O-O-O 18. b4 Bxe5 19. Bxe5 f6 20. Bh2 g5 21. c4 Nb6 22. c5 Nd5 23. Qa4 e5 24. dxe5 fxe5 25. Qxa7 Nf4 26. Bc4 Be6 27. Bxe6+ Qxe6 28. Rad1 Rh7 29. Qa8+ Kc7 30. Qxd8# 1-0

[Event "4NCL Online Division 4"]
[Site "online"]
[Date "2021.04.20"]
[EventDate "2021.04.20"]
[Round "7.94"]
[White "Wood, Ryan"]
[WhiteElo "1428"]
[WhiteTeam "Rugeley Rangers"]
[Black "Seet, Leanne"]
[BlackElo "1050"]
[BlackTeam "Woking Warriors"]
[Result "1-0"]
[PlyCount "55"]

1. d4 Nf6 2. Bf4 d6 3. Nc3 Nc6 4. Nf3 Bf5 5. e3 Nb4 6. Bd3 Bxd3 7. cxd3 e6 8. O-O Be7 9. Qb3 Nxd3 10. Qb5+ c6 11. Qxd3 O-O 12. Ne4 Nd5 13. Bg3 Nb4 14. Qc3 d5 15. Nc5 Bxc5 16. Qxc5 Nd3 17. Qc3 Nxb2 18. Qxb2 b5 19. Rfc1 Rc8 20. Ne5 Qb6 21. Nd7 Qa6 22. Nxf8 Kxf8 23. Rc5 Rb8 24. Bxb8 Qb6 25. Qb4 Kg8 26. Rac1 Qa6 27. Rxc6 Qxa2 28. Rc8# 1-0

[Event "4NCL Online Division 4"]
[Site "online"]
[Date "2021.04.20"]
[EventDate "2021.04.20"]
[Round "7.101"]
[White "Rizvi, Nasir"]
[WhiteElo "2021"]
[WhiteTeam "4 Gems"]
[Black "O'Neill, Richard"]
[BlackElo "1605"]
[BlackTeam "Harrow 3"]
[Result "1-0"]
[PlyCount "87"]

1. d4 d5 2. Nc3 Nf6 3. Bf4 c5 4. e3 a6 5. dxc5 Nc6 6. a3 e5 7. Bg5 d4 8. exd4 Qxd4 9. Bxf6 gxf6 10. Nd5 Kd8 11. Nf3 Qxd1+ 12. Rxd1 Nd4 13. Nb6 Rb8 14. c3 Bxc5 15. Nxc8 Rxc8 16. cxd4 Bxd4 17. Nxd4 exd4 18. Rxd4+ Ke7 19. Kd2 Rhg8 20. g3 Rc7 21. Bd3 h6 22. Re1+ Kf8 23. Rd8+ Kg7 24. Rxg8+ Kxg8 25. h4 Kf8 26. Re4 Kg7 27. g4 Rd7 28. Ke3 Rc7 29. Rc4 Re7+ 30. Be4 b6 31. Rc6 b5 32. Rxa6 Re5 33. h5 b4 34. a4 Rxe4+ 35. Kxe4 Kf8 36. Ra7 Ke8 37. Kf5 Kd8 38. Kxf6 Kc8 39. Kxf7 Kb8 40. Re7 Ka8 41. Ke6 Kb8 42. Kd6 Kc8 43. Rh7 Kd8 44. Rh8# 1-0

[Event "4NCL Online Division 4"]
[Site "online"]
[Date "2021.04.20"]
[EventDate "2021.04.20"]
[Round "7.102"]
[White "Nettleton, Robin"]
[WhiteElo "1393"]
[WhiteTeam "Harrow 3"]
[Black "Whelan, Joseph"]
[BlackElo "1515"]
[BlackTeam "4 Gems"]
[Result "1-0"]
[PlyCount "41"]

1. d4 c5 2. d5 d6 3. e4 Nf6 4. Nc3 e6 5. Bb5+ Bd7 6. dxe6 Bxb5 7. exf7+ Kxf7 8. Nxb5 Qa5+ 9. Nc3 Nc6 10. Nf3 h6 11. O-O Be7 12. Bf4 Raf8 13. Nd5 Nxe4 14. Re1 Nf6 15. Ne3 Qb4 16. Nd5 Qc4 17. Nxe7 Qxf4 18. g3 Qg4 19. Qxd6 Qxf3 20. Qe6+ Ke8 21. Nxc6# 1-0

[Event "4NCL Online Division 4"]
[Site "online"]
[Date "2021.04.20"]
[EventDate "2021.04.20"]
[Round "7.103"]
[White "Gogia, Abeer"]
[WhiteElo "1413"]
[WhiteTeam "4 Gems"]
[Black "Dilukshan, Manoharan"]
[BlackElo "1407"]
[BlackTeam "Harrow 3"]
[Result "0-1"]
[PlyCount "160"]

1. e4 e5 2. Nf3 Nc6 3. d4 exd4 4. Nxd4 Nxd4 5. Qxd4 Qf6 6. Qxf6 Nxf6 7. Bd3 Bc5 8. O-O O-O 9. Nc3 d6 10. Bd2 Bd7 11. h3 a6 12. Rfe1 Rfe8 13. Rad1 Re7 14. Re2 Rae8 15. Rde1 b5 16. a3 Bc6 17. b4 Bd4 18. Kf1 Bxc3 19. Bxc3 Nxe4 20. Bxe4 Bxe4 21. f3 f5 22. fxe4 fxe4 23. Bd4 d5 24. Re3 c6 25. Bc5 Rf7+ 26. Ke2 Rf5 27. Kd2 Rf2+ 28. R3e2 Rf5 29. Ke3 g5 30. Kd4 Kf7 31. Ra1 Ke6 32. a4 h5 33. axb5 axb5 34. Ra6 Kd7 35. Rb6 Rc8 36. c3 Rf1 37. Rd2 Kc7 38. Ra6 Kb7 39. Ra7+ Kb8 40. Rg7 Rf5 41. g4 hxg4 42. hxg4 Rf3 43. Rxg5 e3 44. Re2 Re8 45. Kd3 Re4 46. Rxe3 Rexe3+ 47. Bxe3 Kc8 48. Rg6 Kd7 49. g5 Rg3 50. Rg7+ Ke6 51. Rc7 Kd6 52. Kd4 Rg4+ 53. Kd3 Kxc7 54. Kd2 Kd7 55. Kd3 Ke6 56. Kd2 Kf5 57. Kd3 Ke5 58. Bd4+ Kf5 59. Be3 Ke6 60. Kd2 Ke5 61. Kd3 Rg3 62. Ke2 Ke4 63. Bd2 d4 64. cxd4 Kxd4 65. Kf2 Rg4 66. Kf3 Re4 67. Bc3+ Kd5 68. g6 Re8 69. g7 Rg8 70. Kf4 Kc4 71. Bb2 Kxb4 72. Kf5 Kc5 73. Kf6 Kc4 74. Kf7 Rxg7+ 75. Bxg7 b4 76. Ke6 b3 77. Kd6 c5 78. Bf6 Kb4 79. Kd5 c4 80. Kd4 b2 0-1

[Event "4NCL Online Division 4"]
[Site "online"]
[Date "2021.04.20"]
[EventDate "2021.04.20"]
[Round "7.104"]
[White "Walker, David J R"]
[WhiteElo "1264"]
[WhiteTeam "Harrow 3"]
[Black "Rizvi, Zara"]
[BlackElo "1307"]
[BlackTeam "4 Gems"]
[Result "1-0"]
[PlyCount "39"]

1. d4 d5 2. c4 e6 3. Nc3 Nf6 4. Bg5 Be7 5. e3 O-O 6. Nf3 Nbd7 7. Bd3 b6 8. O-O Bb7 9. Re1 c5 10. a3 Rc8 11. Rc1 h6 12. Bh4 Ne4 13. Bxe7 Qxe7 14. b4 Nxc3 15. Rxc3 cxb4 16. Rc1 bxa3 17. Bb1 Rxc4 18. Qd3 Rfc8 19. Qh7+ Kf8 20. Qh8# 1-0

[Event "4NCL Online Division 4"]
[Site "online"]
[Date "2021.04.20"]
[EventDate "2021.04.20"]
[Round "7.111"]
[White "Pines, Chris"]
[WhiteElo "1536"]
[WhiteTeam "St Albans 2"]
[Black "Lonsdale, Jon I"]
[BlackElo "1922"]
[BlackTeam "Manchester Manticores 2"]
[Result "0-1"]
[PlyCount "106"]

1. b4 e5 2. Bb2 Bxb4 3. Bxe5 Nf6 4. a3 Ba5 5. Nf3 O-O 6. e3 d5 7. Bd3 c5 8. c4 Nc6 9. Bb2 d4 10. O-O Bg4 11. h3 Bh5 12. Qb3 Bxf3 13. gxf3 Qd7 14. Kg2 Bc7 15. Rh1 Rad8 16. e4 Bf4 17. a4 Ne5 18. Ba3 Qc7 19. Bf1 a5 20. d3 Nh5 21. Qd1 Rd6 22. Be2 Ng6 23. Kf1 Bh6 24. Ke1 Nhf4 25. Bf1 Nh4 26. Rg1 f5 27. Bc1 Qf7 28. Nd2 Qh5 29. Ba3 b6 30. Bc1 Rg6 31. Rxg6 Nhxg6 32. Nb3 Ne5 33. Nd2 Nfxd3+ 34. Bxd3 Nxd3+ 35. Ke2 fxe4 36. Qh1 Nxc1+ 37. Rxc1 exf3+ 38. Kf1 Bxd2 39. Rc2 Bb4 40. Qh2 Re8 41. Rc1 Qe5 42. Qxe5 Rxe5 43. Kg1 Re1+ 44. Rxe1 Bxe1 45. Kf1 Bd2 46. Kg1 g5 47. Kh2 Bf4+ 48. Kg1 h5 49. Kf1 Kf7 50. Ke1 Ke6 51. Kd1 Ke5 52. Kc2 Ke4 53. Kd1 Kd3 0-1

[Event "4NCL Online Division 4"]
[Site "online"]
[Date "2021.04.20"]
[EventDate "2021.04.20"]
[Round "7.112"]
[White "Sheppard, Daniel C"]
[WhiteElo "1869"]
[WhiteTeam "Manchester Manticores 2"]
[Black "Feldman, Keith"]
[BlackElo "1351"]
[BlackTeam "St Albans 2"]
[Result "1-0"]
[PlyCount "75"]

1. d4 Nf6 2. Bf4 e6 3. Nc3 Bb4 4. Qd3 Nc6 5. O-O-O O-O 6. e4 d6 7. Nf3 Ng4 8. Bg3 f5 9. h3 Nh6 10. exf5 Nxf5 11. Bh2 Qf6 12. Ne2 Bd7 13. c3 Ba5 14. Bf4 Be8 15. g4 Nh4 16. Ng5 Bg6 17. Qg3 Nf5 18. gxf5 Qxf5 19. Kd2 e5 20. Be3 h6 21. d5 Qd3+ 22. Ke1 Qf5 23. Ne6 Rf6 24. Nxg7 Kxg7 25. dxc6 bxc6 26. Qh4 h5 27. Rg1 Bb6 28. Ng3 Qf3 29. Nxh5+ Kf7 30. Qxf6+ Qxf6 31. Nxf6 Kxf6 32. Bd3 Bh5 33. Be2 Bg6 34. h4 Rh8 35. h5 Bxh5 36. Rh1 Bxe2 37. Rxh8 Bxd1 38. Kxd1 1-0

[Event "4NCL Online Division 4"]
[Site "online"]
[Date "2021.04.20"]
[EventDate "2021.04.20"]
[Round "7.113"]
[White "Deland, Stephen"]
[WhiteElo "1327"]
[WhiteTeam "St Albans 2"]
[Black "Potter, Steven"]
[BlackElo "1833"]
[BlackTeam "Manchester Manticores 2"]
[Result "0-1"]
[PlyCount "210"]

1. e4 e6 2. d3 b6 3. Nf3 Bb7 4. g3 Nc6 5. Bg2 Nf6 6. Nc3 Bb4 7. Bd2 O-O 8. a3 Bxc3 9. Bxc3 d6 10. O-O e5 11. Re1 Rb8 12. Bd2 Qd7 13. c3 Qg4 14. h4 Bc8 15. Nh2 Qxd1 16. Raxd1 Be6 17. Bg5 Ng4 18. Bh3 Nxh2 19. Kxh2 Bb3 20. Rd2 h6 21. Be3 Ne7 22. f4 c5 23. fxe5 dxe5 24. Rf1 Rbd8 25. Rff2 Ba4 26. d4 cxd4 27. cxd4 exd4 28. Rxd4 Rxd4 29. Bxd4 Rd8 30. Rd2 Nc6 31. Bc3 Rxd2+ 32. Bxd2 Bc2 33. Bg2 Ne5 34. Bf4 Nc4 35. Bb8 a6 36. Bf1 Nxb2 37. Bxa6 Bxe4 38. Bc7 Na4 39. Bb5 Nc3 40. Bd7 b5 41. Kh3 Bd3 42. Kg4 g6 43. Bf4 Be2+ 44. Kh3 Nb1 45. a4 bxa4 46. Bxa4 Nc3 47. Bc2 Nd5 48. Bxh6 Kh7 49. Bd2 f5 50. Bb3 Nf6 51. Bc2 Ng4 52. Kg2 Ne5 53. Bf4 Ng4 54. Bd2 Bb5 55. Be1 Ne3+ 56. Kf2 Nxc2 57. Bd2 Nd4 58. Ke3 Ne2 59. Kf2 Kg7 60. Be3 Kf6 61. Kg2 Ke5 62. Bf2 f4 63. gxf4+ Kxf4 64. Kh3 Bd7+ 65. Kg2 Kg4 66. Be3 Nf4+ 67. Kf2 Nh3+ 68. Kg2 Kxh4 69. Kf3 Bg4+ 70. Ke4 Bd1 71. Kd3 Kg4 72. Bc1 Nf4+ 73. Ke4 Bf3+ 74. Ke3 Kg3 75. Kd2 g5 76. Kc2 g4 77. Be3 Nd5 78. Bc5 Kg2 79. Kd3 Nf6 80. Ke3 Nd5+ 81. Kd2 Kf1 82. Bd6 Nf6 83. Ke3 Nd5+ 84. Kd2 Nb6 85. Kd3 Kg2 86. Kc2 Nc4 87. Bb8 Bc6 88. Kd3 Nb6 89. Ke3 Nd7 90. Bd6 Nf6 91. Bb8 Nd5+ 92. Kd4 Nb6 93. Ke3 Nc4+ 94. Kd3 Nb2+ 95. Ke3 Nd1+ 96. Ke2 Nf2 97. Ke3 Nh1 98. Kd4 Kf3 99. Kd3 Nf2+ 100. Kd4 Nh3 101. Kd3 Nf4+ 102. Kd4 g3 103. Ba7 g2 104. Ke5 Nh3 105. Kf5 Nf2 0-1

[Event "4NCL Online Division 4"]
[Site "online"]
[Date "2021.04.20"]
[EventDate "2021.04.20"]
[Round "7.114"]
[White "Whitehead, Mark A"]
[WhiteElo "1798"]
[WhiteTeam "Manchester Manticores 2"]
[Black "Harris, Stuart"]
[BlackElo "1240"]
[BlackTeam "St Albans 2"]
[Result "1-0"]
[PlyCount "101"]

1. e4 e5 2. Nf3 Nf6 3. d4 exd4 4. e5 Nd5 5. Qxd4 c6 6. Bc4 Nb4 7. Bb3 d5 8. exd6 Qxd6 9. Qe4+ Qe7 10. Nc3 Qxe4+ 11. Nxe4 Be6 12. O-O Bxb3 13. cxb3 Be7 14. Bd2 O-O 15. Bc3 Nd7 16. Rfd1 Rad8 17. Nd6 Bxd6 18. Rxd6 Nd5 19. Rd1 N7f6 20. Rxd8 Rxd8 21. Bxf6 gxf6 22. g3 Re8 23. Rd2 Kg7 24. Kg2 b5 25. Nd4 Rc8 26. Nf5+ Kf8 27. Nd4 a5 28. Nxb5 cxb5 29. Rxd5 Rb8 30. a4 bxa4 31. bxa4 Rxb2 32. Rxa5 Ra2 33. Rh5 Kg7 34. a5 Ra4 35. h3 Kg6 36. g4 f5 37. Rxf5 h6 38. Kg3 f6 39. f3 Ra1 40. h4 Rg1+ 41. Kf4 Rh1 42. h5+ Kf7 43. Ke4 Re1+ 44. Kd4 Rc1 45. Rc5 Rf1 46. Ke4 Re1+ 47. Kf5 Re3 48. f4 Ra3 49. Rc7+ Kg8 50. Kg6 Rxa5 51. Rc8# 1-0

[Event "4NCL Online Division 4"]
[Site "online"]
[Date "2021.04.20"]
[EventDate "2021.04.20"]
[Round "7.121"]
[White "Johnson, Derek R"]
[WhiteElo "2020"]
[WhiteTeam "Crowthorne 1"]
[Black "Wong, Tristan"]
[BlackElo "1586"]
[BlackTeam "Warwickshire Bears B"]
[Result "1-0"]
[PlyCount "67"]

1. e4 Nc6 2. d4 d5 3. e5 Bf5 4. Ne2 e6 5. Ng3 Bg6 6. Bd3 Qd7 7. O-O O-O-O 8. c3 Nge7 9. b4 f6 10. f4 Nf5 11. Nxf5 Bxf5 12. Bxf5 exf5 13. Nd2 g5 14. Nb3 fxe5 15. fxe5 b6 16. Bxg5 Re8 17. Qf3 h6 18. Bf6 Rg8 19. Qxf5 Re6 20. a4 Be7 21. a5 Bxf6 22. exf6 Rg5 23. Qd3 Qf7 24. axb6 cxb6 25. Qf3 Kb7 26. b5 Nd8 27. Rae1 Rxe1 28. Rxe1 Kc8 29. Re7 Qg6 30. h4 Rf5 31. Qh3 Kb8 32. Qh2+ Ka8 33. Qc7 Rf1+ 34. Kh2 1-0

[Event "4NCL Online Division 4"]
[Site "online"]
[Date "2021.04.20"]
[EventDate "2021.04.20"]
[Round "7.122"]
[White "Vaidyanathan, Adithya"]
[WhiteElo "1453"]
[WhiteTeam "Warwickshire Bears B"]
[Black "Taylor, Mark V"]
[BlackElo "1841"]
[BlackTeam "Crowthorne 1"]
[Result "0-1"]
[PlyCount "66"]

1. Nf3 d6 2. d4 Bg4 3. c4 Nd7 4. Nc3 g6 5. h3 Bxf3 6. exf3 Bg7 7. Be3 e5 8. dxe5 dxe5 9. Be2 Ngf6 10. Ne4 O-O 11. O-O Qe7 12. Qa4 Nb6 13. Qc2 Rfd8 14. c5 Nbd5 15. Nxf6+ Qxf6 16. Rfd1 Nxe3 17. fxe3 Bh6 18. e4 Be3+ 19. Kh1 Qg5 20. Bc4 Kg7 21. g4 Qh4 22. Kg2 Bf4 23. Qf2 Qe7 24. Rd5 c6 25. Rdd1 Rd7 26. Rxd7 Qxd7 27. Bb3 Rd8 28. Rd1 Qe7 29. Rxd8 Qxd8 30. Bc4 Qd1 31. a4 Qc1 32. Qe2 Be3 33. b4 Qg1# 0-1